Tilastot visalle Presidenttien etunimet

Klikkaa tästä pelataksesi tätä visaa!

Yleistilastot

  • Tätä visaa on pelattu 64 kertaa
  • Keskiarvotulos 11 / 12

Vastaustilastot

SukunimiEtunimi% Oikein
KallioKyösti
100%
NiinistöSauli
100%
HalonenTarja
100%
AhtisaariMartti
98%
RytiRisto
98%
KekkonenUrho
96%
KoivistoMauno
95%
PaasikiviJuho
87%
RelanderLauri
80%
SvinhuvfudPehr
78%
MannerheimCarl
76%
StåhlbergKaarlo
67%

Tulosjakauma

Persentiili vastausten määrän mukaan

Jokaisen tuloksen saaneiden osuus

Tuloshistoriasi

Et ole pelannut tätä visaa